000 00648nam a2200265Ia 4500
005 20260121165848.0
008 008 260114s9999 xx 000 0 eng d
020 _a9788132236856
037 _aEBOOK
040 _aCRL
040 _beng
040 _cCRL
041 _2eng
041 _aeng
084 _qCRL
100 _aZakir Husain, Mousumi Dutta
_91056950
245 0 _aFertility Control in a Risk Society
260 _bSpringer
260 _bSpringer
260 _c2017
856 _uhttps://link.springer.com/openurl?genre=book&isbn=978-81-322-3685-6
942 _cEBOOK
999 _c1622678
_d1622678